Получение наноразмерного диоксида кремния плазменно-дуговым методом из высококремнеземистого природного сырья: автореферат диссертации на соискание ученой степени кандидата технических наук; спец. 01.04.07

Detaylı Bibliyografya
Yazar: Космачев П. В. Павел Владимирович
Müşterek Yazar: Томский государственный архитектурно-строительный университет (ТГАСУ)
Diğer Yazarlar: Власов В. А. Виктор Алексеевич (научный руководитель)
Özet:Заглавие с титульного экрана
Электронная версия печатной публикации
Dil:Rusça
Baskı/Yayın Bilgisi: Томск, 2018
Konular:
Online Erişim:http://earchive.tpu.ru/handle/11683/46908
Materyal Türü: Elektronik Kitap
KOHA link:https://koha.lib.tpu.ru/cgi-bin/koha/opac-detail.pl?biblionumber=339645

MARC

LEADER 00000nlm0a2200000 4500
001 339645
005 20231102005149.0
035 |a (RuTPU)RU\TPU\book\366183 
035 |a RU\TPU\book\363479 
090 |a 339645 
100 |a 20180116d2018 k y0rusy50 ca 
101 0 |a rus 
102 |a RU 
105 |a a dm 000zy 
135 |a drcn ---uucaa 
181 0 |a i  
182 0 |a b 
200 1 |a Получение наноразмерного диоксида кремния плазменно-дуговым методом из высококремнеземистого природного сырья  |b Электронный ресурс  |e автореферат диссертации на соискание ученой степени кандидата технических наук  |e спец. 01.04.07  |f П. В. Космачев  |g Томский государственный архитектурно-строительный университет (ТГАСУ) ; науч. рук. В. А. Власов 
203 |a Текст  |c электронный 
210 |a Томск  |d 2018 
215 |a 1 файл (864 KB) 
230 |a Электронные текстовые данные (1 файл : 864 KB) 
300 |a Заглавие с титульного экрана 
300 |a Электронная версия печатной публикации 
452 1 |0 (RuTPU)RU\TPU\book\368147  |t Получение наноразмерного диоксида кремния плазменно-дуговым методом из высококремнеземистого природного сырья  |o автореферат диссертации на соискание ученой степени кандидата технических наук  |o спец. 01.04.07  |f П. В. Космачев  |g Томский государственный архитектурно-строительный университет (ТГАСУ) ; науч. рук. В. А. Власов  |c Томск  |n [Б. и.]  |d 2018  |p 21 с.  |a Космачев, Павел Владимирович 
606 1 |a Диоксид кремния  |2 stltpush  |3 (RuTPU)RU\TPU\subj\72645  |9 86067 
610 1 |a электронный ресурс 
610 1 |a авторефераты диссертаций 
610 1 |a плазменно-дуговые методы 
610 1 |a высококремнеземистое сырье 
610 1 |a природное сырье 
610 1 |a нанопорошки 
610 1 |a низкотемпературная плазма 
610 1 |a наноразмерные порошки 
610 1 |a плазменные установки 
610 1 |a фазовые процессы 
610 1 |a термодинамическое моделирование 
610 1 |a плазменная переработка 
610 1 |a физико-химические процессы 
610 1 |a плазменные технологии 
675 |a 661.68(04)  |v 4 
686 |a 01.04.07  |2 oksvnk 
700 1 |a Космачев  |b П. В.  |g Павел Владимирович 
702 1 |a Власов  |b В. А.  |g Виктор Алексеевич  |4 727 
712 0 2 |a Томский государственный архитектурно-строительный университет (ТГАСУ)  |c (1997- )  |2 stltpush  |3 (RuTPU)RU\TPU\col\3 
801 2 |a RU  |b 63413507  |c 20190109  |g RCR 
856 4 |u http://earchive.tpu.ru/handle/11683/46908 
942 |c CF